000 00297nam a22001337a 4500
008 171020b xxu||||| |||| 00| 0 eng d
020 _a9781574101133
041 _aeng
080 _a338
100 _a54
101 _aMNG
245 _aTHE REAL WORLD ENTREPRENEUR
_cBANGS, D.H
942 _2udc
_cBK
999 _c35196
_d35196